| 000 | 00443nam a2200193Ia 4500 | ||
|---|---|---|---|
| 005 | 20250423100524.0 | ||
| 008 | 250422s9999 xx 000 0 und d | ||
| 020 | _a0-06-042912-7 | ||
| 050 | _aQC23.H759/ | ||
| 100 | _aHenry O. Hooper | ||
| 245 | 0 | _aPhysics And The Physical Perspective | |
| 250 | _a2nd ed. | ||
| 260 | _aNew York | ||
| 260 | _bHarper & Row | ||
| 260 | _c1980 | ||
| 300 | _a834 p | ||
| 650 | _aPhysics | ||
| 942 | _cBK | ||
| 999 |
_c33562 _d33562 |
||